00566nam a22002057a 4500003000500000005001700005008004100022010001000063011001000073035001000083040000900093082001600102100002600118245004300144260003200187300001900219490004800238650002600286830004800312CHAP20220329134041.0971013s1968 r 00010 d a14671 a15643 a19719 cCHAP a581.38bG6700aGottlieb, Joan Eiger. aPlants; adaptación through evolution aNew york :bReinhold,c1968 a114 p.b: ilus aReinhold. Selected topics in modern biology14aEvolución (Plantas)0 aReinhold. Selected topics in modern biology